<?xml version="1.0" encoding="UTF-8"?>
<record
    xmlns:xsi="http://www.w3.org/2001/XMLSchema-instance"
    xsi:schemaLocation="http://www.loc.gov/MARC21/slim http://www.loc.gov/standards/marcxml/schema/MARC21slim.xsd"
    xmlns="http://www.loc.gov/MARC21/slim">

  <leader>01019nam a22002898a 4500</leader>
  <controlfield tag="001">1451274</controlfield>
  <controlfield tag="003">CO-ViMGA</controlfield>
  <controlfield tag="005">20230915233611.0</controlfield>
  <controlfield tag="008">151026s2014    ck a   j      000 0 spa</controlfield>
  <datafield tag="020" ind1=" " ind2=" ">
    <subfield code="a">9789583045028</subfield>
  </datafield>
  <datafield tag="040" ind1=" " ind2=" ">
    <subfield code="a">CO-ViMGA</subfield>
    <subfield code="b">spa</subfield>
    <subfield code="c">CO-ViMGA</subfield>
  </datafield>
  <datafield tag="041" ind1="0" ind2=" ">
    <subfield code="h">fre</subfield>
  </datafield>
  <datafield tag="043" ind1=" " ind2=" ">
    <subfield code="a">e-fr---</subfield>
  </datafield>
  <datafield tag="082" ind1="0" ind2="4">
    <subfield code="a">I833.91 </subfield>
    <subfield code="b">G65p </subfield>
    <subfield code="2">21</subfield>
  </datafield>
  <datafield tag="100" ind1="1" ind2=" ">
    <subfield code="a">Gonnard, Christel.</subfield>
    <subfield code="9">586</subfield>
  </datafield>
  <datafield tag="245" ind1="1" ind2="3">
    <subfield code="a">El Principito : </subfield>
    <subfield code="b">el planeta de los globus / </subfield>
    <subfield code="c">Christel Gonnard ; traducci&#xF3;n Jorge Eduardo Salgar.</subfield>
  </datafield>
  <datafield tag="250" ind1=" " ind2=" ">
    <subfield code="a">Editora Marcela Carrasquilla Henao.</subfield>
  </datafield>
  <datafield tag="260" ind1=" " ind2=" ">
    <subfield code="a">Bogot :&#x300; </subfield>
    <subfield code="b">Panamericana Editorial, </subfield>
    <subfield code="c">2014.</subfield>
  </datafield>
  <datafield tag="300" ind1=" " ind2=" ">
    <subfield code="a">49 p&#xE1;ginas : </subfield>
    <subfield code="b">ilustraciones ; </subfield>
    <subfield code="c">29 cm.</subfield>
  </datafield>
  <datafield tag="534" ind1=" " ind2=" ">
    <subfield code="p">T&#xED;tulo original : </subfield>
    <subfield code="t">Le petit prince, la plan&#x1E97;e des globus.</subfield>
  </datafield>
  <datafield tag="650" ind1="1" ind2="4">
    <subfield code="a">Cuentos infantiles franceses.</subfield>
    <subfield code="9">333</subfield>
  </datafield>
  <datafield tag="650" ind1="1" ind2="4">
    <subfield code="a">Libros ilustrados para ni&#xF1;os.</subfield>
    <subfield code="9">64</subfield>
  </datafield>
  <datafield tag="650" ind1="1" ind2="4">
    <subfield code="a">Planetas</subfield>
    <subfield code="v"> Cuentos infantiles.</subfield>
    <subfield code="9">587</subfield>
  </datafield>
  <datafield tag="700" ind1="1" ind2=" ">
    <subfield code="a">Carrasquilla, Marcela, </subfield>
    <subfield code="e">editora.</subfield>
    <subfield code="9">214</subfield>
  </datafield>
  <datafield tag="700" ind1="1" ind2=" ">
    <subfield code="a">Salgar, Jorge Eduardo, </subfield>
    <subfield code="e">traductor.</subfield>
    <subfield code="9">583</subfield>
  </datafield>
  <datafield tag="942" ind1=" " ind2=" ">
    <subfield code="2">ddc</subfield>
    <subfield code="c">BK</subfield>
  </datafield>
  <datafield tag="999" ind1=" " ind2=" ">
    <subfield code="c">37256</subfield>
    <subfield code="d">37256</subfield>
  </datafield>
  <datafield tag="952" ind1=" " ind2=" ">
    <subfield code="0">0</subfield>
    <subfield code="1">0</subfield>
    <subfield code="2">ddc</subfield>
    <subfield code="4">0</subfield>
    <subfield code="7">0</subfield>
    <subfield code="8">008</subfield>
    <subfield code="a">MEVIECAR</subfield>
    <subfield code="b">MEVIECAR</subfield>
    <subfield code="d">2020-03-26</subfield>
    <subfield code="l">1</subfield>
    <subfield code="m">1</subfield>
    <subfield code="o">I833.91 G65p </subfield>
    <subfield code="p">33120</subfield>
    <subfield code="r">2022-12-15 00:00:00</subfield>
    <subfield code="s">2022-10-14</subfield>
    <subfield code="w">2020-03-26</subfield>
    <subfield code="y">BK</subfield>
  </datafield>
  <datafield tag="952" ind1=" " ind2=" ">
    <subfield code="0">0</subfield>
    <subfield code="1">0</subfield>
    <subfield code="2">ddc</subfield>
    <subfield code="4">0</subfield>
    <subfield code="7">0</subfield>
    <subfield code="8">008</subfield>
    <subfield code="a">MEVIECAR</subfield>
    <subfield code="b">MEVIECAR</subfield>
    <subfield code="d">2020-03-26</subfield>
    <subfield code="l">1</subfield>
    <subfield code="o">I833.91 G65p </subfield>
    <subfield code="p">33121</subfield>
    <subfield code="r">2021-10-12 00:00:00</subfield>
    <subfield code="s">2021-10-07</subfield>
    <subfield code="w">2020-03-26</subfield>
    <subfield code="y">BK</subfield>
  </datafield>
</record>
